| 000 | 00757nam a2200217Ia 4500 | ||
|---|---|---|---|
| 001 | 5351 | ||
| 003 | GE_BSU | ||
| 008 | 181216s||||||||xx |||||||||||||| ||und|| | ||
| 040 | _cGE_BSU | ||
| 080 | _a517.743(075.8) | ||
| 100 | _aГольдфайн И.А. | ||
| 245 | _aВекторный анализ и теория поля. | ||
| 245 | _bИзд. 2-Е, Учеб. пособ. для втузов. Избранные главы высшей математики для инженеров и студ. вузов. | ||
| 245 | _cПод ред. Р.С. Гутера. | ||
| 260 | _aМосква | ||
| 260 | _bНаука | ||
| 260 | _c1968 | ||
| 300 | _a127 с. 20 см. | ||
| 653 | _aВекторный анализ и теория поля. | ||
| 942 | _cBK | ||
| 999 |
_c38928 _d38928 |
||